Principles of Digital Audio /

Gespeichert in:
Bibliographische Detailangaben
1. Verfasser: Pohlmann, Ken C. (Verfasst von)
Format: Buch
Sprache:Englisch
Veröffentlicht: New York : Mc Graw Hill, 2011
Ausgabe:Sixth Edition
Tags: Tag hinzufügen
Keine Tags, Fügen Sie das erste Tag hinzu!

MARC

LEADER 00000nam a22000003a 4500
001 0027667
003 SK-STU
005 20171109133117.7
007 ta
008 171109s ----xo-----e------000-0-----d
020 |a 978-0-07-166346-5 
040 |a STU  |b slo 
041 0 |a eng 
044 |a xxu 
080 |a 621.395 
100 1 |a Pohlmann, Ken C.  |4 aut  |r Z6 
245 1 0 |a Principles of Digital Audio /  |c aut. Ken C Pohlmann 
250 |a Sixth Edition 
260 |a New York :  |b Mc Graw Hill,  |c 2011 
300 |a 800 s. 
996 |b 284EK89905  |c E* 89905  |l EE33  |s P  |a 0  |w 0027667_0001